LEADER 00860nam0 2200265 450 001 000002818 005 20080605142026.0 010 $a88-464-2701-7 100 $a20010516d2000----km-y0itay50------ba 101 0 $aita 102 $aIT 200 1 $aTecnologie informatiche e fonti amministrative nella produzione dei dati$fa cura di Carlo Filippucci 210 $aMilano$cFranco Angeli$d2000 215 $a495 p.$cill.$d23 cm 225 2 $aEconomia 410 0$12001$aEconomia 610 1 $aDati statistici$aElaborazione elettronica 610 1 $aStatistica economica 676 $a001.4222 702 1$aFilippucci,$bCarlo 801 0$aIT$bUNIPARTHENOPE$gRICA$2UNIMARC 912 $a000002818 951 $cPIST$aP1 001-T/1$b34299$d20010516 996 $aTecnologie informatiche e fonti amministrative nella produzione dei dati$91223807 997 $aUNIPARTHENOPE